<?xml version="1.0" encoding="UTF-8"?>
<record
    xmlns:xsi="http://www.w3.org/2001/XMLSchema-instance"
    xsi:schemaLocation="http://www.loc.gov/MARC21/slim http://www.loc.gov/standards/marcxml/schema/MARC21slim.xsd"
    xmlns="http://www.loc.gov/MARC21/slim">

  <leader>00810cam a22002171  4500</leader>
  <controlfield tag="001">g  01002337 </controlfield>
  <controlfield tag="003">DLC</controlfield>
  <controlfield tag="005">20260227111257.0</controlfield>
  <controlfield tag="008">751028s1900    gw ac         000 0bger  </controlfield>
  <datafield tag="010" ind1=" " ind2=" ">
    <subfield code="a">g  01002337 </subfield>
  </datafield>
  <datafield tag="035" ind1=" " ind2=" ">
    <subfield code="a">(OCoLC)1740073</subfield>
  </datafield>
  <datafield tag="040" ind1=" " ind2=" ">
    <subfield code="a">DLC</subfield>
    <subfield code="c">NBuU</subfield>
    <subfield code="d">OCoLC</subfield>
    <subfield code="d">DLC</subfield>
  </datafield>
  <datafield tag="042" ind1=" " ind2=" ">
    <subfield code="a">premarc</subfield>
  </datafield>
  <datafield tag="050" ind1="0" ind2="0">
    <subfield code="a">DD218</subfield>
    <subfield code="b">.A24 1900</subfield>
  </datafield>
  <datafield tag="100" ind1="1" ind2=" ">
    <subfield code="a">Bismarck, Otto,</subfield>
    <subfield code="c">F&#xFC;rst von,</subfield>
    <subfield code="d">1815-1898.</subfield>
  </datafield>
  <datafield tag="245" ind1="1" ind2="0">
    <subfield code="a">F&#xFC;rst Bismarck's Briefe an seine Braut und Gattin.</subfield>
    <subfield code="c">Hrsg. vom F&#xFC;rsten Herbert Bismarck, mit einem Titelbild nach Franz von Lenbach und zehn weiteren Portr&#xE4;t-beilagen.</subfield>
  </datafield>
  <datafield tag="260" ind1=" " ind2=" ">
    <subfield code="a">Stuttgart,</subfield>
    <subfield code="b">Cotta,</subfield>
    <subfield code="c">1900.</subfield>
  </datafield>
  <datafield tag="300" ind1=" " ind2=" ">
    <subfield code="a">xi, [1], 598 p.</subfield>
    <subfield code="b">front., ports., diagrs.</subfield>
    <subfield code="c">24 cm.</subfield>
  </datafield>
  <datafield tag="600" ind1="1" ind2="0">
    <subfield code="a">Bismarck, Johanna,</subfield>
    <subfield code="c">F&#xFC;rstin von,</subfield>
    <subfield code="d">1824-1894.</subfield>
  </datafield>
  <datafield tag="700" ind1="1" ind2=" ">
    <subfield code="a">Bismarck, Herbert,</subfield>
    <subfield code="c">F&#xFC;rst von,</subfield>
    <subfield code="d">1849-1904,</subfield>
    <subfield code="e">ed.</subfield>
  </datafield>
  <datafield tag="999" ind1=" " ind2=" ">
    <subfield code="c">23951</subfield>
    <subfield code="d">23951</subfield>
  </datafield>
</record>
